Loading...
Mridula Garg sanchayita/
| Andre forfattere: | |
|---|---|
| Format: | Printed Book |
| Sprog: | Hindi |
| Udgivet: |
Delhi :
Nayee Kitab,
c2019.
|
| LEADER | 00503nam a22001457a 4500 | ||
|---|---|---|---|
| 008 | 200214b ||||| |||| 00| 0 hin d | ||
| 999 | |c 348799 |d 348799 | ||
| 020 | |a 9789387187474 | ||
| 041 | |a Hindi | ||
| 245 | |a Mridula Garg sanchayita/ |c edited by Chhabila Kumar Meher | ||
| 260 | |a Delhi : |b Nayee Kitab, |c c2019. | ||
| 300 | |a 456p.; | ||
| 700 | |a Chhabila Kumar Meher editor. | ||
| 942 | |c BK | ||
| 952 | |0 0 |1 0 |2 ddc |4 0 |7 0 |9 402331 |a HIN |b HIN |c ST1 |d 2020-02-14 |e Book Shop |i 26256 |l 0 |p HIN26256 |r 2020-02-14 |v 950.00 |w 2020-02-14 |y REF | ||